Statistics for My Everything - Intro (Ariana Grande)

Click here to take the quiz!

General Stats

  • This quiz has been taken 128 times
  • The average score is 36 of 44

Answer Stats

Lyrics% Correct
i
98%
i
98%
i
98%
i
98%
i
98%
you
96%
you
96%
you
96%
you
96%
you
96%
and
88%
and
88%
and
88%
me
83%
me
83%
me
83%
the
82%
every
81%
promise
81%
promise
81%
promise
81%
sky
81%
all
79%
have
79%
love
79%
oh
79%
to
79%
give
78%
just
78%
i'll
77%
on
77%
don't
76%
nothing
76%
be
75%
look
75%
road
74%
with
74%
back
73%
night
73%
this
73%
want
73%
less
71%
shining
71%
we'll
71%

Score Distribution

Percentile by Number Answered

Percent of People with Each Score

Your Score History

You have not taken this quiz